| 000 | 01645nam0a2200325 i 4500 | ||
|---|---|---|---|
| 001 | RU\NLR\bibl\2063517 | ||
| 005 | 20240921140014.0 | ||
| 010 |
_a9785903427154 _9100 |
||
| 021 |
_aRU _b2013-54884 _93800 |
||
| 035 | _a(nilc)RuMoRGB-006608486 | ||
| 035 | _a(NLR Aleph) 002050147 | ||
| 090 |
_a4637519 _c4637519 |
||
| 100 | _a20130715d2012 u y0rusy50 ca | ||
| 101 | 0 | _arus | |
| 102 | _aRU | ||
| 105 | _aa ||||||||| | ||
| 200 | 1 |
_aВосьмой цвет радуги, или Опыт становления системы преподавания общечеловеческих ценностей в начальном образовании Курганской области _eколлективная монография _e[сборник _fпод науч. ред. Е. А. Тебеньковой] |
|
| 210 |
_aКурган _c[б. и.] _d2012 |
||
| 215 |
_a124 с. _d21 |
||
| 517 | 0 | _aОпыт становления системы преподавания общечеловеческих ценностей в начальном образовании Курганской области | |
| 606 | 1 |
_aДети младшего школьного возраста _xДуховно-нравственное воспитание _yКурганская область _92156424 _3RU\NLR\auth\661602847 |
|
| 686 | _aЧ313.52 | ||
| 702 | 1 |
_aТебенькова _bЕ. А. _gЕлена Александровна _4340 |
|
| 801 | 0 |
_aRU _bRuMoRKP _c20130715 _gRCR |
|
| 801 | 2 |
_aRU _bРГБ _c20130719 |
|
| 801 | 1 |
_aRU _bRuMoRKP _c20130715 _2rusmarc |
|
| 801 | 2 |
_aRU _bNLR _c20130815 _grcr |
|
| 942 | _cBOOK | ||
| 980 | _aNBR | ||